000 01144cam a2200265 4500
001 ABS64758
008 011126n2001 000 0 eng u
035 _a(Sirsi) u115739
100 _aGardner, C.
245 _aLighting and roofing
260 _c2001
490 _aAJ Focus
_v November 2001, 3-71(
520 _aLooks at the range of lighting equipment which has developed to meet the increasing demands on contemporary and urban lighting. Also reviews roofing products and, in particular, lightning protection systems, metal decking and fasteners, siphonic roof drainage, rooflights and clocks. Includes Davis Langdon & Everest supply and fix costs for common pitched and flat roof specifications, representing costs typical as at October 2001. Lists a contact sheet of manufacturers of roofing products.
590 _aABS
650 _aROOFING
650 _aLIGHTING
650 _aMANUFACTURERS
650 _aBUILT ENVIRONMENT-BUILDING MATERIALS
650 _aCOSTS
650 _aDAVIS LANGDON & EVEREST
690 _aBUILT ENVIRONMENT-BUILDING MATERIALS
700 _aRoberts, K.
700 _aCurl, R.
942 _n0
999 _c68940
_d68940